000
00272nam a2200109Ia 4500
008
220204s9999 xx 000 0 und d
082
_a
32(540)
_b
SHR
100
_a
ShriRam Maheswari
245
0
_a
Indian administration
260
_a
Delhi
_b
Orient Longman
_c
1968
942
_c
BK
999
_c
33237
_d
33237